[Event "Santiago op"]
[Site "Santiago de Chile"]
[Date "1997.??.??"]
[Round "9"]
[White "Godoy Bugueno, David A"]
[Black "Cueto, Johny"]
[Result "1/2-1/2"]
[WhiteElo "2295"]
[BlackElo "2200"]

1.d4 d6 2.e4 g6 3.Nc3 Bg7 4.Be3 Nf6 5.f3 c6 6.Qd2 h5 7.h4 Qc7 8.Nh3 Bxh3
9.Rxh3 Nbd7 10.Be2 b5 11.a4 b4 12.Na2 a5 13.Rh1 c5 14.Bb5 Kf8 15.c3  1/2-1/2

[Event "Bayern-ch Seniors op"]
[Site "Schloss Schney"]
[Date "1997.??.??"]
[Round "5"]
[White "Van Houten, Henk"]
[Black "Mueller, Rudolf"]
[Result "0-1"]
[WhiteElo "1650"]
[BlackElo "1920"]

1.e4 g6 2.d4 d6 3.Nc3 Bg7 4.Be2 Nf6 5.Bg5 Nbd7 6.h4 h5 7.Qd2 c5 8.O-O-O cxd4
9.Qxd4 O-O 10.Qb4 a5 11.Qa3 Qb6 12.Nh3 Nc5 13.Bxf6 Bxf6 14.Nd5 Qc6 15.Nxf6+ exf6
16.f3 b5 17.Qc3 Bxh3 18.gxh3 Rfc8 19.Rd5 b4 20.Qd2 b3 21.a3 bxc2 22.Bc4 Nxe4
23.fxe4 Qxc4  0-1

[Event "Bayern-ch Seniors op"]
[Site "Schloss Schney"]
[Date "1997.??.??"]
[Round "5"]
[White "Schnurr, Anton"]
[Black "Kunte, Herbert"]
[Result "1-0"]
[WhiteElo "1848"]
[BlackElo "1830"]

1.e4 g6 2.Nc3 d6 3.d4 Bg7 4.f4 c6 5.Nf3 Bg4 6.Be2 Nf6 7.O-O O-O 8.Be3 Nbd7
9.h3 Bxf3 10.Rxf3 e6 11.Qd2 Qa5 12.Raf1 d5 13.e5 Ne4 14.Nxe4 dxe4 15.Qxa5 exf3
16.Rxf3 Nb6 17.c4 Rfd8 18.Bf2 Bf8 19.Rb3 Rdb8 20.Rc3 Be7 21.Bf3 Bd8 22.Qa3 Nc8
23.b4 Be7 24.Qb2 Nb6 25.Ra3 Nxc4 26.Qb3 Nxa3 27.Qxa3 a5 28.Qb2 Bxb4 29.a3 Be7
30.g4 a4 31.Be1 Ra6 32.Be4 f5 33.exf6 Bxf6 34.Bc3 b5 35.Kf2 Rd8 36.Kf3 Rd6
37.g5 Bg7 38.h4 Ra7 39.h5 gxh5 40.Ke3 Rad7 41.Qh2 Kf8 42.Qxh5 Bxd4+ 43.Bxd4 Rxd4
44.Qh6+ Ke7 45.Qxh7+ Kd6 46.Qxd7+ Kxd7 47.Kxd4 Kd6 48.Bb1 c5+ 49.Kc3  1-0

[Event "Schwaebisch Gmuend op"]
[Site "Schwaebisch Gmuend"]
[Date "1997.??.??"]
[Round "7"]
[White "Held, Peter"]
[Black "Pohl, Walter"]
[Result "1-0"]
[WhiteElo "2310"]
[BlackElo "2150"]

1.d4 g6 2.e4 Bg7 3.Nc3 d6 4.Be3 Nf6 5.f3 O-O 6.Qd2 e5 7.d5 Nh5 8.O-O-O f5
9.exf5 gxf5 10.Nge2 Nd7 11.g3 Ndf6 12.h3 b5 13.g4 Nf4 14.Nxf4 exf4 15.Bxf4 b4
16.Nb5 Kh8 17.Bg5 a6 18.Nd4 Qe8 19.Bc4 Qf7 20.Bh6 Bxh6 21.Qxh6 Rg8 22.Qf4 Nd7
23.Nc6 Re8 24.Rhe1 Bb7 25.Qd4+ Qg7 26.Qxg7+ Kxg7 27.Nd4 fxg4 28.hxg4 Ne5
29.Be2 Kg8 30.Ne6 Rxe6 31.dxe6 Bxf3 32.Bxf3 Nxf3 33.Re4 Re8 34.Rxb4 Rxe6
35.Rc4 c5 36.Ra4 Ne5 37.Rxa6 Nf7 38.a4 Rg6 39.a5 Rxg4 40.Rf1 Ra4 41.Kb1 Ne5
42.b3 Rb4 43.Rxd6 Nc4 44.a6  1-0

[Event "Schwaebisch Gmuend op"]
[Site "Schwaebisch Gmuend"]
[Date "1997.??.??"]
[Round "9"]
[White "Heinl, Thomas"]
[Black "Gabriel, Josef"]
[Result "1-0"]
[WhiteElo "2210"]
[BlackElo "2195"]

1.e4 g6 2.d4 Bg7 3.Nc3 d6 4.Nf3 Nf6 5.h3 O-O 6.Be2 Nbd7 7.O-O e5 8.Be3 Kh8
9.Qd2 Ng8 10.dxe5 dxe5 11.Rfd1 h6 12.Bc4 c6 13.Bc5 Ne7 14.Qd6 Bf6 15.Qxf6+ Nxf6
16.Rxd8  1-0

[Event "Seefeld op"]
[Site "Seefeld"]
[Date "1997.??.??"]
[Round "?"]
[White "Lawitsch, Guenther"]
[Black "Rudolf, Henrik"]
[Result "1/2-1/2"]
[WhiteElo "2300"]
[BlackElo "2280"]

1.e4 g6 2.d4 Bg7 3.Nc3 d6 4.f4 Nf6 5.Nf3 c5 6.Bb5+ Bd7 7.e5 Ng4 8.e6 Bxb5
9.exf7+ Kd7 10.Nxb5 Qa5+ 11.Nc3 h5 12.h3 cxd4 13.hxg4 dxc3 14.b4 Qxb4 15.Qd3 Nc6
16.Qxg6 Nd4 17.Be3 hxg4 18.Rxh8 Bxh8 19.Nxd4 Bxd4 20.Qf5+ e6 21.f8=N+ Rxf8
22.Qxf8 Bxe3 23.Qf7+ Kc6 24.Qxe6 Qxf4 25.Ke2 Qf2+ 26.Kd3 Qd2+ 27.Ke4 Qd4+
28.Kf5 Qf4+ 29.Kg6 Qh6+ 30.Kf7 Qxe6+ 31.Kxe6 d5 32.Rd1 d4 33.Ke5 Kc5 34.Ke4 b5
35.Kd3 g3 36.a3 a6 37.Rh1 Kb6 38.Rh3 Bf2 39.Rh6+ Kb7 40.Rg6 Ka7 41.Ke4 Kb7
42.Kd3 Ka7 43.a4 Kb7 44.Rd6 Ka7 45.Ke2 Kb7 46.Kd1 Be3 47.axb5 axb5 48.Rg6 Bf2
49.Ke2 Kc7 50.Kd3 Kb7 51.Ke4 Kc7 52.Kd5 Kb7 53.Ke4 Kc7 54.Kd3 Kb7 55.Ke2 Kc7
56.Rf6 Bg1 57.Kd1 Be3 58.Rf3 Bf2 59.Kc1 Kc6 60.Kb1 Kc5 61.Ka2 Kc4 62.Rf8 d3
63.Rc8+ Kd4 64.Rd8+ Ke3 65.Rxd3+ Ke2 66.Rxc3 Kf1 67.Rb3 Kxg2 68.Rxb5 Kf1
69.Rg5 g2  1/2-1/2

[Event "Seefeld op"]
[Site "Seefeld"]
[Date "1997.??.??"]
[Round "?"]
[White "Lawitsch, Guenther"]
[Black "Kaye, Ferdinand"]
[Result "1-0"]
[WhiteElo "2300"]
[BlackElo "1950"]

1.e4 g6 2.d4 Bg7 3.Nc3 d6 4.g3 Nf6 5.Bg2 O-O 6.Nge2 e5 7.h3 Nbd7 8.Be3 Re8
9.O-O c6 10.a4 Qe7 11.dxe5 Nxe5 12.a5 Ned7 13.Ra4 Nc5 14.Rd4 Nfxe4 15.Rxe4 Nxe4
16.Nxe4 Bxh3 17.Bxh3 Qxe4 18.a6 Qb4 19.axb7 Qxb7 20.b3 d5 21.Bg2 Rad8 22.Nf4 a5
23.Bd4 Bxd4 24.Qxd4 Qb4 25.Qa1 a4 26.Qxa4 Qxa4 27.bxa4 Ra8 28.Ra1 Ra5 29.Nd3 Rea8
30.Nb2 Rb8 31.Ra2 Rb4 32.c3 Rb3 33.c4 dxc4 34.Nxc4 Rc5 35.Nd2 Rb4 36.Be4 Kg7
37.a5 Rbb5 38.a6 Ra5 39.Nb3 Rxa2 40.Nxc5 Ra5 41.Bxc6 Rxc5 42.a7 Ra5 43.a8=Q Rxa8
44.Bxa8 f5 45.f4 Kf6 46.Bf3 g5 47.Bh5  1-0

[Event "Pools schev"]
[Site "Singapore"]
[Date "1997.??.??"]
[Round "2"]
[White "Toh, Terry"]
[Black "Rogers, Ian"]
[Result "0-1"]
[WhiteElo "2395"]
[BlackElo "2600"]

1.d4 g6 2.e4 Bg7 3.Nc3 d6 4.Nf3 a6 5.a4 b6 6.Be2 Bb7 7.Be3 Nd7 8.O-O e6 9.h3 Ne7
10.Qd2 h6 11.Bd3 c5 12.dxc5 dxc5 13.Rad1 g5 14.Qe2 Ng6 15.Nd2 Qc7 16.Nc4 O-O
17.Bc1 Rfd8 18.Qh5 Nde5 19.Nxe5 Qxe5 20.g3 Qc7 21.Rfe1 Rd7 22.Bf1 Rad8 23.Rxd7 Rxd7
24.Bg2 Bc6 25.Bf1 Bb7 26.Bg2 Qc6 27.Rd1 Rxd1+ 28.Qxd1 Bd4 29.Qh5 Kg7 30.h4 f6
31.Bd2 Qd6 32.Qf3 Bc6 33.hxg5 hxg5 34.Qd3 Ne5 35.Qe2 c4 36.Be3 Bxe3 37.Qxe3 Qb4
38.Qc1 Bxa4 39.Nxa4 Qxa4 40.f4 Nf7 41.e5 fxe5 42.fxg5 Qb4 43.Kh2 Qe7 44.Qe3 b5
45.Qb6 Qxg5 46.Qxa6 Qh6+ 47.Kg1 Qc1+ 48.Kh2 Qxb2 49.Qxe6 Qxc2 50.Qd7 c3 51.Kg1 Qc1+
52.Kf2 c2  0-1

[Event "Pools schev"]
[Site "Singapore"]
[Date "1997.??.??"]
[Round "4"]
[White "Kurniawan, Bobby"]
[Black "Ong Chong Ghee"]
[Result "0-1"]
[WhiteElo "2405"]
[BlackElo "2315"]

1.e4 g6 2.d4 Bg7 3.Nc3 d6 4.Nf3 a6 5.Bg5 h6 6.Be3 b5 7.Bd3 Bb7 8.a3 Nd7 9.Ne2 c5
10.c3 Qc7 11.a4 Ngf6 12.axb5 axb5 13.Rxa8+ Bxa8 14.e5 dxe5 15.dxe5 Nxe5 16.Nxe5 c4
17.Nxc4 bxc4 18.Qa4+ Bc6 19.Qxc4 Qb7 20.f3 O-O 21.O-O Nd7 22.Qa2 Ne5 23.Ba6 Qa8
24.b4 Bd5 25.Qa1 Nc4 26.Bd4 e5 27.Bc5 Rd8 28.Rd1 Nb2 29.Re1 e4 30.fxe4 Bxe4
31.Qxb2 Qxa6 32.Bd4 Qc4 33.Bxg7 Kxg7 34.Nd4 f5 35.Ra1 Rd7 36.b5 Bb7 37.Re1 Be4
38.b6 Rb7 39.Ra1 Kf6 40.Ra5 Qd3 41.c4 Qe3+ 42.Kf1 Bd3+ 43.Ne2+ Kg5 44.Re5 Bxe2+
45.Qxe2 Qf4+ 46.Ke1 Rxb6 47.Qd2 Qxd2+ 48.Kxd2 Rb2+ 49.Kd3 Rxg2 50.c5 Rxh2
51.c6 Ra2 52.c7 Ra8 53.Rc5 Rc8 54.Rc6 h5 55.Ke3 h4 56.Kf3 Kh5 57.Kf4 Kh6
58.Rc3 Kh5 59.Rc6 g5+ 60.Kxf5 h3 61.Rc3 g4 62.Kf4 h2 63.Rc5+ Kh4 64.Rc6 Rf8+
65.Ke3 Kg3  0-1

[Event "Pools schev"]
[Site "Singapore"]
[Date "1997.??.??"]
[Round "8"]
[White "Mariano, Nelson"]
[Black "Prihastomo, Iwan"]
[Result "1/2-1/2"]
[WhiteElo "2490"]
[BlackElo "2350"]

1.e4 d6 2.d4 g6 3.Nc3 Bg7 4.Nf3 a6 5.Bf4 b6 6.Qd2 h6 7.h3 e6 8.Bd3 Ne7 9.h4 Nd7
10.e5 d5 11.Ne2 Bb7 12.c3 c5 13.g4 Qc7 14.a4 c4 15.Bc2 O-O-O 16.Kf1 Kb8 17.Kg2 Ka8
18.Ng3 Qc8 19.Qe3 Nc6  1/2-1/2

[Event "RUS-Cup8"]
[Site "Smolensk"]
[Date "1997.??.??"]
[Round "4"]
[White "Komissarov, I."]
[Black "Shchekachev, Andrei"]
[Result "1/2-1/2"]
[WhiteElo "2320"]
[BlackElo "2520"]

1.e4 d6 2.d4 g6 3.Nc3 Bg7 4.Be3 a6 5.a4 Nf6 6.h3 O-O 7.Nf3 Nc6 8.Bc4 d5 9.exd5 Nb4
10.Qd2 Bf5 11.Bb3 a5 12.O-O Nbxd5 13.Nxd5 Nxd5 14.Bh6 c6 15.Bxg7 Kxg7 16.Rfe1 b6  1/2-1/2

[Event "RUS-Cup8"]
[Site "Smolensk"]
[Date "1997.??.??"]
[Round "6"]
[White "Zlochevskij, Alexander"]
[Black "Meshkov, Yuri A"]
[Result "1/2-1/2"]
[WhiteElo "2425"]
[BlackElo "2295"]

1.d4 g6 2.e4 Bg7 3.Nc3 d6 4.Be3 c6 5.f4 b5 6.a3 Bb7 7.Nf3 Nd7 8.Bd3 a6 9.O-O c5
10.d5 Ngf6 11.Kh1 O-O 12.Qe1 e6 13.dxe6 fxe6 14.Ng5 Qe7 15.Qh4  1/2-1/2

[Event "POL-ch"]
[Site "Sopot"]
[Date "1997.??.??"]
[Round "4"]
[White "Grabarczyk, Bogdan"]
[Black "Urban, Klaudiusz"]
[Result "1/2-1/2"]
[WhiteElo "2460"]
[BlackElo "2490"]

1.e4 g6 2.d4 Bg7 3.Nc3 d6 4.Bg5 a6 5.f4 b5 6.Nf3 Nd7 7.d5 Bb7 8.Bd3 c5 9.dxc6 Bxc6
10.O-O b4 11.Nd5 Bxd5 12.exd5 Ngf6 13.Qe1 Qb6+ 14.Kh1 O-O 15.Qh4 Rac8 16.Bh6 Nxd5
17.Ng5 Qd4 18.Bxa6 Rc5 19.Rad1 Qxb2 20.f5 Bxh6 21.Qxh6 Qg7 22.Qh3 N5f6 23.Bd3 Ne5
24.Ne4 Nxd3 25.cxd3 Nxe4 26.dxe4 Qe5 27.Qh6 Qxe4 28.fxg6 hxg6 29.Rde1 Rf5
30.Rg1 Qb7 31.Re3 Rh5 32.Qf4 e5 33.Qf6 Qd5 34.Rg3 Rh6 35.Rf1 Qe6 36.Qg5 Kg7
37.h3 f6 38.Qd2 d5 39.Qxb4 Rf7 40.a4 Rh8 41.a5 d4 42.Ra1 Ra8 43.h4 Qf5 44.Qb5 Qf4
45.Rh3 Rc8 46.h5 Rfc7 47.Rg1 gxh5 48.Rf3 Qh4+ 49.Rh3 Qf4 50.Rf3 Qh4+ 51.Rh3 Qg5
52.Qd5 Kh6 53.a6 Rc1 54.Qf7 Rxg1+ 55.Kxg1 Rc1+ 56.Kh2 Qf4+ 57.Rg3 Qh4+ 58.Rh3 Qf4+  1/2-1/2

[Event "POL-ch"]
[Site "Sopot"]
[Date "1997.??.??"]
[Round "12"]
[White "Socko, Bartosz"]
[Black "Urban, Klaudiusz"]
[Result "1/2-1/2"]
[WhiteElo "2435"]
[BlackElo "2490"]

1.e4 g6 2.d4 Bg7 3.Nc3 d6 4.Be3 a6 5.Qd2 b5 6.f3 Nd7 7.g4 Bb7 8.Nge2 h5 9.g5 e6
10.Bh3 Ne7 11.O-O O-O 12.Nf4 e5 13.Ng2 exd4 14.Bxd4 Ne5 15.Bxe5 dxe5 16.Rad1 Qd4+
17.Qf2 Qb4 18.a3 Qc4 19.Ne3 Qc5 20.Rd3 Rfd8 21.Rfd1 Rd4 22.Ne2 Rxd3 23.Rxd3 Bf8
24.Nc3 a5 25.Ncd5 Nxd5 26.Nxd5 Bxd5 27.Rxd5 Qe7 28.Qd2 b4 29.a4 c6 30.Rd7 Qc5+
31.Kh1 Ra7 32.Rd3 Be7 33.Bf1 Qb6 34.h4 Ra8 35.f4 Rd8 36.Rxd8+ Qxd8 37.Qxd8+  1/2-1/2

[Event "St Petersburg-B"]
[Site "St Petersburg"]
[Date "1997.??.??"]
[Round "7"]
[White "Popov, Valerij"]
[Black "Kochyev, Alexander"]
[Result "1/2-1/2"]
[WhiteElo "2430"]
[BlackElo "2435"]

1.d4 g6 2.e4 Bg7 3.Nc3 d6 4.Be3 a6 5.f4 b5 6.Bd3 Bb7 7.Nf3 b4 8.Ne2 Nf6 9.e5 Nd5
10.Bf2 Qd7 11.O-O Nc6 12.c4 bxc3 13.bxc3 Nb6 14.c4 Na5 15.c5 Bxf3  1/2-1/2

[Event "Bodensee-Cup"]
[Site "Steckborn"]
[Date "1997.??.??"]
[Round "2"]
[White "Grund, Holger"]
[Black "Niedermaier, Hans"]
[Result "1-0"]
[WhiteElo "2360"]
[BlackElo "2225"]

1.e4 g6 2.d4 Bg7 3.Nc3 d6 4.Nf3 Nf6 5.h3 O-O 6.Be3 Na6 7.Qd2 c5 8.O-O-O cxd4
9.Nxd4 Nc5 10.f3 Be6 11.g4 Qa5 12.a3 a6 13.Bh6 Rfc8 14.Kb1 Bxh6 15.Qxh6 b5
16.Nxe6 Nxe6 17.Nd5 Nxd5 18.exd5 Qc7 19.Rh2 Nf8 20.h4 Qb6 21.Qf4 Rc5 22.h5 Qb7
23.hxg6 fxg6 24.Qe4 Re8 25.g5 e5 26.f4 Qf7 27.Re2 Rc4 28.Qe3 Rxf4 29.Bg2 Rb8
30.Be4 Rb7 31.Qc3 Qc7 32.Qc6 Ra7 33.c4 bxc4 34.Rc1 Nd7 35.Rxc4 Nc5 36.b4 Qxc6
37.dxc6 Nxe4 38.Rexe4 Rxe4 39.Rxe4 Kf7 40.a4 Ke6 41.b5 axb5 42.axb5 d5 43.b6 Ra8
44.c7 Kd7 45.b7 Rc8 46.bxc8=Q+ Kxc8 47.Rxe5 Kxc7 48.Rxd5 Kc6 49.Rd2  1-0

[Event "SVK-chT3a 9697"]
[Site "?"]
[Date "1997.??.??"]
[Round "2"]
[White "Kovacocy, Pavol"]
[Black "Duriga, Stefan"]
[Result "0-1"]
[WhiteElo "2230"]
[BlackElo "2220"]

1.e4 g6 2.d4 Bg7 3.Nc3 d6 4.f4 c6 5.Bc4 Nf6 6.Nf3 d5 7.exd5 cxd5 8.Bb5+ Bd7
9.Qe2 O-O 10.Bxd7 Nbxd7 11.O-O e6 12.Kh1 a6 13.Be3 b5 14.a3 Nb6 15.Rae1 Qc7
16.Nd1 Rfc8 17.c3 Nc4 18.Bc1 a5 19.Ne5 b4 20.axb4 axb4 21.Rf3 Ra1 22.Nf2 Nd6
23.Bd2 Rxe1+ 24.Bxe1 Qa7 25.Neg4 bxc3 26.Nxf6+ Bxf6 27.bxc3 Rb8 28.Ng4 Bg7
29.Rf1 Qa1 30.Bd2 Qa2 31.Qe3 Nc4 32.Qg3 Nxd2 33.f5  0-1

[Event "SVK-chT1W 9798"]
[Site "SVK"]
[Date "1997.??.??"]
[Round "?"]
[White "Pobjecky, Ivan"]
[Black "Nikel, Rastislav"]
[Result "0-1"]
[WhiteElo "2000"]
[BlackElo "1830"]

1.e4 d6 2.d4 g6 3.Nc3 Bg7 4.f4 e6 5.Nf3 Nd7 6.Be2 c5 7.Nb5 Qa5+ 8.Qd2 Qxd2+
9.Bxd2 Ke7 10.e5 d5 11.dxc5 Nxc5 12.Bb4 b6 13.Nfd4 a5 14.Ba3 Bd7 15.Nd6 Ra7
16.Nc8+ Bxc8 17.Nc6+ Kd7 18.Nxa7 f6 19.Nxc8 Kxc8 20.exf6 Nxf6 21.O-O Nfe4
22.Rad1 Kc7 23.g3 Kc6 24.c4 dxc4 25.Bxc4 b5 26.Bxc5 Nxc5 27.Be2 Bxb2 28.Kg2 Bc3
29.g4 Rf8 30.Bf3+ Kc7 31.Kg3 e5 32.fxe5 Bxe5+ 33.Kg2 Ne6 34.Rc1+ Kd6 35.Rc6+ Kd7
36.Ra6 Nf4+ 37.Kh1 Rc8 38.Rxa5 Rc2 39.Rxb5 Bc7 40.Bd5 Nh3 41.Rf7+ Ke8 42.Rxc7 Rxc7
43.Bb3 Nf2+ 44.Kg2 Nxg4 45.Kg3 h5 46.a4 Rc3+ 47.Kg2 h4 48.Be6 h3+ 49.Kf1 Nxh2+
50.Kf2 Ke7 51.Re5 Nf3 52.Re2 Nd4  0-1

[Event "SVK-chT 9697"]
[Site "SVK"]
[Date "1997.??.??"]
[Round "2"]
[White "Demeter, Peter"]
[Black "Irsai, Jevgenij"]
[Result "0-1"]
[WhiteElo "2265"]
[BlackElo "2270"]

1.e4 g6 2.d4 Bg7 3.Nc3 d6 4.Be2 Nf6 5.Be3 c6 6.a4 Qa5 7.Bf3 O-O 8.h3 e5 9.Ne2 Be6
10.O-O Na6 11.Qd2 Bc4 12.Rfd1 Bxe2 13.Nxe2 Qc7 14.c3 exd4 15.cxd4 Rfe8 16.Nc3 Qe7
17.Bg5 Qf8 18.Re1 h6 19.Bf4 Rad8 20.Rad1 Nc7 21.Qc1 Ne6 22.Be3 Nc7 23.b4 d5
24.e5 Nd7 25.Qb1 Nb6 26.Be2 a6 27.b5 axb5 28.axb5 Rb8 29.Qb3 Ne6 30.Bc1 Rec8
31.Ba3 Qd8 32.Bd6 Ra8 33.bxc6 bxc6 34.Rb1 Nd7 35.Red1 Bf8 36.Bxf8 Ndxf8 37.Bg4 Rab8
38.Qc2 Rxb1 39.Qxb1 h5 40.Bxe6 Nxe6 41.Na4 Rb8 42.Qc2 Qh4 43.Qc3 Nf4 44.Qf3 Rb4
45.Nc5 Qg5 46.Kh2 h4 47.Nd7 Rc4 48.Nf6+ Kg7 49.Ng4 Nh5 50.Qe3 Qf4+ 51.Kg1 Qxe3
52.Nxe3 Rc3 53.Rd2 Nf4 54.Rc2 Rd3 55.Rxc6 Rxd4 56.Rd6 Rd2 57.Rc6 d4 58.Ng4 Re2
59.g3 hxg3 60.fxg3 Rg2+ 61.Kf1 Rxg3 62.Rd6 Ne6 63.Nf2 Re3 64.Ng4 Rxh3 65.Kf2 Ra3
66.Rc6 g5 67.Nf6 Kg6 68.Ne4 Re3  0-1

[Event "SVK-chT 9697"]
[Site "SVK"]
[Date "1997.??.??"]
[Round "2"]
[White "Kalisky, Vladimir"]
[Black "Petran, Peter"]
[Result "0-1"]
[WhiteElo "2275"]
[BlackElo "2325"]

1.e4 g6 2.d4 Bg7 3.Nc3 d6 4.Be3 c6 5.Qd2 b5 6.f3 Nd7 7.O-O-O Nb6 8.g4 b4
9.Nb1 a5 10.h4 h5 11.gxh5 Rxh5 12.Be2 Nf6 13.Nh3 Bxh3 14.Rxh3 Qc8 15.Rhh1 Rb8
16.Bg5 Qe6 17.b3 Rh8 18.Rhe1 Nh5 19.f4 f6 20.f5 gxf5 21.exf5 Qxf5 22.Bxh5+ Kd8
23.Qe2 Bf8 24.Bg4 Qg6 25.Qa6 Kc7 26.Re6 Rxh4 27.Bxh4 Qxg4 28.Rde1 Bh6+ 29.Nd2 Bxd2+
30.Kxd2 Qxd4+ 31.Ke2 Nd5 32.Bf2 Qc3 33.Qc4 Qxc4+ 34.bxc4 Nf4+ 35.Kf3 Nxe6
36.Rxe6 Kd7 37.Re4 Rh8 38.Rh4 Rg8 39.Rh5 e5 40.Rh7+ Ke6 41.Ra7 f5 42.Rxa5 Rg4
43.c5 Rc4 44.cxd6 Kxd6 45.Be1 c5 46.Ke2 Rxc2+ 47.Kd3 Rc1 48.Ke2 f4 49.Bd2 Rc4
50.Ra8 Kd5 51.Kf3 Rc2 52.Ke2 Ke4 53.Kd1 Rc4 54.Rd8 f3 55.Rf8 Rd4 56.Ke1 Rd3
57.Rf7 Ra3  0-1

[Event "SVK-chT2 9697"]
[Site "SVK"]
[Date "1997.??.??"]
[Round "5"]
[White "Kucera, Juraj"]
[Black "Safyanovsky, Mark"]
[Result "0-1"]
[WhiteElo "2240"]
[BlackElo "2390"]

1.d4 g6 2.e4 Bg7 3.Nc3 d6 4.Be3 c6 5.Qd2 b5 6.a3 Nd7 7.Nf3 a6 8.Be2 Bb7 9.O-O Rc8
10.Ng5 c5 11.f3 cxd4 12.Bxd4 Bxd4+ 13.Qxd4 Qb6 14.Rad1 Ngf6 15.Nh3 O-O 16.Qxb6 Nxb6
17.Nf4 Nc4 18.Bxc4 Rxc4 19.Rf2 Rfc8 20.Rdd2 Kf8 21.Nfd5 Bxd5 22.Nxd5 Nxd5
23.exd5 R8c5 24.Rfe2 a5 25.Kf2 Rh4 26.Re3 Rxh2 27.Kg1 Rh5 28.Red3 Rh4 29.Re3 Rhc4
30.Ree2 h5 31.Kf2 Rc7 32.Kg1 Kg7 33.Kf2 Kf6 34.Kg1 R7c5 35.Kf2 Rf4 36.Re1 Rfc4
37.Ree2 h4 38.Kg1 b4 39.axb4 Rxb4 40.b3 Rbb5  0-1

[Event "SVK-chT 9697"]
[Site "SVK"]
[Date "1997.??.??"]
[Round "5"]
[White "Betko, Lubomir"]
[Black "Petran, Peter"]
[Result "1/2-1/2"]
[WhiteElo "2225"]
[BlackElo "2325"]

1.e4 g6 2.d4 Bg7 3.Nc3 d6 4.h3 Nf6 5.Be3 O-O 6.Nf3 c6 7.Qd2 b5 8.a3 Qc7 9.Bh6 Nbd7
10.Be2 a6 11.Bxg7 Kxg7 12.h4 h5 13.Ng5 c5 14.g4 hxg4 15.h5 Rh8 16.Nxf7 Rxh5
17.Rxh5 gxh5 18.Nd5 Nxd5 19.Qg5+ Kxf7 20.Qxh5+ Kf8 21.Qh8+ Kf7 22.Qh5+ Kf8
23.Qh8+  1/2-1/2

[Event "SVK-chT 9697"]
[Site "SVK"]
[Date "1997.??.??"]
[Round "10"]
[White "Kalisky, Vladimir"]
[Black "Briestensky, Rastislav"]
[Result "0-1"]
[WhiteElo "2275"]
[BlackElo "2240"]

1.e4 g6 2.d4 Bg7 3.Nc3 d6 4.Nf3 c6 5.Be2 Nf6 6.O-O O-O 7.Be3 Nbd7 8.Qd2 Ng4
9.Bg5 f6 10.Bh4 e5 11.dxe5 dxe5 12.Rad1 Qe7 13.Qd6 Qxd6 14.Rxd6 Nb6 15.a4 a5
16.Nd2 Nh6 17.Nc4 Nxc4 18.Bxc4+ Kh8 19.f3 Nf7 20.Rd3 Nd8 21.Rfd1 Ne6 22.Bf2 Re8
23.Ne2 Bf8 24.Nc1 Nc5 25.Rd8 Be6 26.Rxa8 Rxa8 27.Bxe6 Nxe6 28.Nb3 b5 29.Ra1 b4
30.Rd1 c5 31.Rd5 Nf4 32.Rd7 c4 33.Nc5 Rc8 34.Nb7 b3 35.cxb3 cxb3 36.Be3 Rc2
37.Bxf4 exf4 38.Nxa5 Bc5+ 39.Kf1 Rxb2 40.Rb7 Rf2+ 41.Ke1 b2 42.Nc4 Bd4 43.Nd2 Rxg2
44.Kd1 Rxh2 45.Nb1 Rh1+ 46.Kc2 Rc1+ 47.Kd3 Rxb1  0-1

[Event "SVK-chT 9697"]
[Site "SVK"]
[Date "1997.??.??"]
[Round "10"]
[White "Vojtek, Vladimir"]
[Black "Hrivnak, Martin"]
[Result "1-0"]
[WhiteElo "2295"]
[BlackElo "2185"]

1.e4 g6 2.d4 Bg7 3.Nc3 d6 4.f4 Nc6 5.Be3 Nf6 6.Nf3 O-O 7.Be2 d5 8.e5 Ng4
9.Bg1 h5 10.Qd2 a5 11.h3 Nh6 12.Bf2 Nb4 13.a3 Na6 14.Nh2 c6 15.g4 hxg4 16.hxg4 b5
17.f5 b4 18.Nd1 f6 19.fxg6 Qe8 20.Be3 Qxg6 21.Bd3 f5 22.Rg1 Qe6 23.g5 Nf7
24.Nf3 Nh8 25.g6 f4 26.Ng5 fxe3 27.Qh2  1-0

[Event "SVK-chT2 9697"]
[Site "SVK"]
[Date "1997.??.??"]
[Round "10"]
[White "Jurcisin, Imrich"]
[Black "Hebelka, Milos"]
[Result "0-1"]
[WhiteElo "2090"]
[BlackElo "2140"]

1.e4 g6 2.d4 Bg7 3.Nc3 d6 4.Nf3 Nf6 5.Bf4 O-O 6.Qd2 c6 7.a4 Re8 8.O-O-O Qa5
9.Bc4 b5 10.axb5 Nxe4 11.Qe3 Nxc3 12.Qxc3 Qxc3 13.bxc3 Bd7 14.Ng5 d5 15.Bb3 e6
16.bxc6 Nxc6 17.Kd2 Na5 18.Nf3 f6 19.Rhe1 Nxb3+ 20.cxb3 a5 21.Ra1 g5 22.Bd6 g4
23.Ng1 Bh6+ 24.Kc2 a4 25.b4 Ra6 26.Bc5 a3 27.b5 Bxb5 28.Rxa3 Rxa3 29.Bxa3 e5
30.f3 Ra8 31.Bb2 gxf3 32.Nxf3 e4 33.Nh4 Bd3+ 34.Kb3 Rb8+ 35.Ka2 Bc4+ 36.Ka1 Ra8+  0-1

[Event "Piatka op"]
[Site "Swidnica"]
[Date "1997.??.??"]
[Round "?"]
[White "Nenashev, Alexander"]
[Black "Stryjecki, Marek"]
[Result "1/2-1/2"]
[WhiteElo "2585"]
[BlackElo "2325"]

1.d4 g6 2.e4 Bg7 3.Nc3 d6 4.Nge2 e5 5.dxe5 dxe5 6.Qxd8+ Kxd8 7.g3 Be6 8.Bg2 Nd7
9.Be3 Ngf6 10.f4 c6 11.Rf1 Kc7 12.f5 Bc4 13.b3 Ba6 14.h3 h5 15.Rd1 Bh6 16.Bxh6 Rxh6
17.fxg6 fxg6 18.h4 Rh7 19.Bh3 Rf8 20.Rf2 Rhf7 21.Be6 Re7 22.Bxd7 Rxd7 23.Rxd7+ Nxd7
24.Ng1 Rxf2 25.Kxf2 Kd6 26.Nf3 b6 27.Ke3 Nf6 28.Ng5 Bc8 29.Nd1 Be6 30.Nb2 Bg8
31.Nd3 a5 32.a3 Nd7 33.Kd2 c5 34.Nb2 b5 35.Kd3 Nb6 36.Kc3 b4+ 37.axb4 axb4+
38.Kd3 c4+ 39.bxc4 Kc5 40.Nf3 Nxc4 41.Nxc4 Bxc4+ 42.Kd2 Kd6 43.Kc1 Bb5 44.Kb2 Bc6
45.Ng5 Kc5 46.c3 bxc3+ 47.Kxc3 Kd6 48.Nf7+ Ke7 49.Ng5 Ba4 50.Kc4 Kf6 51.Kd5 Bb3+
52.Kd6 Bc2 53.Kd7 Bb1 54.Ke8 Bc2 55.Kf8 Bb1 56.Kg8 Ba2+ 57.Kf8 Bb1 58.Ke8 Bc2
59.Kf8 Bb1  1/2-1/2

[Event "Piatka op"]
[Site "Swidnica"]
[Date "1997.??.??"]
[Round "?"]
[White "Jaracz, Pawel"]
[Black "Berezovics, Alexander"]
[Result "1-0"]
[WhiteElo "2445"]
[BlackElo "2355"]

1.e4 d6 2.d4 g6 3.Nc3 Bg7 4.f4 Nc6 5.d5 Nd4 6.Be3 c5 7.dxc6 Nxc6 8.Nf3 Nf6
9.Bd3 O-O 10.Qe2 a6 11.O-O b5 12.h3 Bb7 13.Qf2 Rc8 14.f5 b4 15.Na4 d5 16.Nc5 dxe4
17.Nxe4 Ne5 18.Nxf6+ Bxf6 19.Nxe5 Bxe5 20.Rad1 Qa5 21.Bh6 Bg7 22.Bxg7 Kxg7
23.Rde1 Qc5  1-0

[Event "Piatka op"]
[Site "Swidnica"]
[Date "1997.??.??"]
[Round "1"]
[White "Tsepotan, Artiom"]
[Black "Sturua, Zurab"]
[Result "0-1"]
[WhiteElo "2305"]
[BlackElo "2560"]

1.e4 g6 2.d4 Bg7 3.Nc3 d6 4.f4 Nf6 5.Nf3 O-O 6.Bd3 Na6 7.O-O c5 8.d5 Rb8
9.a4 Nb4 10.Bc4 a6 11.Qe2 e6 12.dxe6 Bxe6 13.Bxe6 fxe6 14.e5 dxe5 15.Nxe5 Qc7
16.Be3 Rbe8 17.Rad1 Nfd5 18.Nxd5 Nxd5 19.c4 Nxe3 20.Qxe3 g5 21.g3 gxf4 22.gxf4 Rf5
23.Rf3 Kh8 24.Rd7 Qxd7  0-1

[Event "SWZ-chT9697"]
[Site "SWZ"]
[Date "1997.??.??"]
[Round "?"]
[White "Masserey, Yvan"]
[Black "Hirzel, Rene"]
[Result "1-0"]
[WhiteElo "2305"]
[BlackElo "2190"]

1.e4 g6 2.d4 Bg7 3.Nc3 d6 4.Be3 Nf6 5.Qd2 O-O 6.h3 Nbd7 7.Rd1 e5 8.dxe5 Nxe5
9.f4 Nc6 10.g4 Re8 11.Bg2 Be6 12.Nge2 Bc4 13.Ng3 Nd7 14.b3 Qh4 15.Kf2 Ba6
16.Nd5 Nc5 17.Nxc7 Nxe4+ 18.Bxe4 Rxe4 19.Nxa8 Bd4 20.Rde1 Qf6 21.Kg2  1-0

[Event "SWZ-chT9697"]
[Site "SWZ"]
[Date "1997.??.??"]
[Round "?"]
[White "Borner, Daniel"]
[Black "Hirzel, Rene"]
[Result "1/2-1/2"]
[WhiteElo "2270"]
[BlackElo "2190"]

1.e4 g6 2.d4 Bg7 3.Nc3 d6 4.f4 Nd7 5.Nf3 c5 6.d5 Nh6 7.Bc4 O-O 8.O-O Qc7
9.Qe1 f6 10.a4 Nf7 11.Qh4 Nb6 12.Be2 Bd7 13.a5 Nc8 14.a6 bxa6 15.Bxa6 Rb8
16.Nd2 Nb6 17.Nc4 Nxc4 18.Bxc4 Rb4  1/2-1/2

[Event "Taastrup 25 Jub"]
[Site "Taastrup"]
[Date "1997.??.??"]
[Round "1"]
[White "Holmsgaard, Henrik"]
[Black "Hoi, Carsten"]
[Result "1/2-1/2"]
[WhiteElo "2315"]
[BlackElo "2425"]

1.e4 g6 2.d4 Bg7 3.Nc3 d6 4.Bg5 c6 5.Qd2 b5 6.f4 b4 7.Nd1 Nf6 8.Bd3 Qb6 9.Nf3 Bg4
10.e5 Nd5 11.Be4 f6 12.Bh4 O-O 13.Nf2 Bxf3 14.Bxf3 fxe5 15.fxe5 dxe5 16.Bxd5+ cxd5
17.dxe5 e6 18.Ng4 Nd7 19.Bf2 Qc7 20.Qxb4 Nxe5 21.O-O Qc4 22.Qxc4 Nxc4 23.Bc5 Rfc8
24.Be7 Nd2 25.Rfe1 Bxb2 26.Rad1 Ne4 27.Rxe4 dxe4 28.Rd7 h5 29.Nh6+ Kh8 30.Nf7+ Kg8
31.Nh6+ Kh8 32.Nf7+ Kg8  1/2-1/2

[Event "Taastrup 25 Jub"]
[Site "Taastrup"]
[Date "1997.??.??"]
[Round "7"]
[White "Pilgaard, Kim"]
[Black "Hoi, Carsten"]
[Result "1/2-1/2"]
[WhiteElo "2370"]
[BlackElo "2425"]

1.e4 g6 2.d4 Bg7 3.Nc3 d6 4.Nge2 Nf6 5.h3 O-O 6.g3 e5 7.Bg2 Nc6 8.Be3 Bd7
9.O-O exd4 10.Nxd4 Nxd4 11.Bxd4 Re8 12.Re1 a5 13.Qd2 Bc6 14.Nd5 Nd7 15.Qc3 Bxd4
16.Qxd4 Bxd5 17.Qxd5 Re5 18.Qd2 Qb8 19.f4 Qa7+ 20.Kh2 Re7 21.Re2 Rae8 22.Rae1 Qb6
23.b3 Kg7 24.Bf3 f6 25.Kg2 Nc5 26.Qd4 Qb4 27.Qa1 Ne6 28.h4 Qd4 29.c3 Qb6
30.Qd1 Nd8 31.Qd2 Nf7 32.Qd4 Qb5 33.c4 Qc5 34.Qxc5 dxc5 35.e5 fxe5 36.Bxb7 Nd8
37.Bd5 c6 38.Bf3 Kf6 39.fxe5+ Rxe5 40.Rxe5 Rxe5 41.Rd1 Ke7 42.Kf2 Rf5 43.Re1+ Kd6
44.Kg2 Re5 45.Rd1+ Ke7 46.Rd2 Ne6 47.Bxc6 Nd4 48.Bd5 Re2+ 49.Rxe2+ Nxe2 50.Kf3 Nc1
51.Kf4 Nxa2 52.Be4 Nc1 53.Bc2 Kf6 54.Ke3 Ke5 55.g4 Na2 56.g5 Nb4 57.Be4 Na2
58.Bb1 Nb4 59.Be4 Na2 60.h5 gxh5 61.Bxh7 Nb4 62.Be4 h4 63.Kf3 h3 64.g6 Kf6
65.Kg3 Na2 66.Kxh3 Nc1 67.Bc2 Ne2 68.Kg4 Nd4 69.Be4 Nxb3 70.Kf4 Nd2 71.Bc6 Nxc4
72.Ke4 Nb6 73.Be8 Kg7 74.Kd3 a4 75.Kc3 Nc8  1/2-1/2